| 000 | 00556nam a2200169 i 4500 | ||
|---|---|---|---|
| 001 | 101955 | ||
| 003 | ES-MaACL | ||
| 005 | 20230906183021.0 | ||
| 007 | t| | ||
| 008 | 051028s1946 sp ||||1| spa d | ||
| 100 | 1 |
_aMéndez Herrera, José. _980156 |
|
| 245 | 1 | 0 |
_aHenry Wadsworth Longfellow _b: texto a la conferencia pronunciada en la Casa Americana / _cJosé Méndez Herrera. |
| 260 |
_aMadrid : _bCasa Americana, _c1946. |
||
| 300 |
_a17 p. : _bil. ; _c22 cm. |
||
| 710 | 2 |
_aCasa Americana ( _cMadrid) _92458 |
|
| 852 |
_aES-MaACL _j1856-F-7 _bR.22459 |
||
| 999 |
_c101955 _d101955 |
||